| 000 | 00617nam a2200229Ia 4500 | ||
|---|---|---|---|
| 005 | 20260429111854.0 | ||
| 008 | 260429s9999||||xx |||||||||||||| ||und|| | ||
| 020 | _a9781032791067 | ||
| 041 | _aEnglish | ||
| 082 |
_a302.23019 _bGAY |
||
| 100 | _aGayle, S. Stever | ||
| 245 | 0 |
_aUnderstanding media psychology / _cS. Stever Gayle |
|
| 250 | _a2nd ed. | ||
| 260 |
_aUnited States : _bRoutledge, _c2026. |
||
| 300 | _axiv, 407 p.; pbk | ||
| 650 | _a Media psychology | ||
| 650 | _aSocial interaction | ||
| 700 | _a Cohen, J. David | ||
| 700 | _a Giles, David C. | ||
| 700 | _a Myers, Mary E. | ||
| 942 | _cTB | ||
| 999 |
_c51223 _d51223 |
||